[Event "Montesilvano Easter op"]
[Site "Montesilvano"]
[Date "2025.04.20"]
[Round "4"]
[White "Filippone, Matteo"]
[Black "Laneve, Giulio"]
[Result "1/2-1/2"]
[WhiteElo "1989"]
[BlackElo "2074"]
[PlyCount "94"]
[EventDate "2025.04.18"]
[EventType "tourn"]
[EventRounds "6"]
[EventCountry "ITA"]
[SourceTitle "CB17_2025"]
[SourceDate "2025.04.23"]
[SourceVersion "1"]
[SourceVersionDate "2025.04.23"]
[SourceQuality "1"]

1. e4 c5 2. Nc3 d6 3. g3 Nc6 4. Bg2 g6 5. d3 Bg7 6. Be3 Rb8 7. Qd2 b5 8. Nge2 b4 9. Nd1 h5 10. h3 e6 11. 0-0 a5 12. f4 Nge7 13. a3 b3 14. c3 Qb6 15. Bf2 Ba6 16. Ne3 Rd8 17. f5 gxf5 18. exf5 Bh6 19. fxe6 fxe6 20. Nf4 Kd7 21. Qe2 Ne5 22. Rad1 Bxf4 23. gxf4 N5g6 24. Bg3 Nf5 25. Nxf5 exf5 26. Qf3 Kc7 27. Rfe1 Bb7 28. Qxb7+ Qxb7 29. Bxb7 Kxb7 30. Re6 Rhg8 31. Kf2 Kc7 32. d4 Rde8 33. Rxe8 Rxe8 34. dxc5 dxc5 35. Rd5 h4 36. Bh2 Rd8 37. Rxd8 Kxd8 38. Ke3 Kd7 39. Bg1 Kc6 40. c4 Kd6 41. Bf2 a4 42. Kf3 Kc6 43. Ke3 Kd7 44. Kf3 Kd6 45. Ke3 Ke6 46. Kf3 Kd6 47. Ke3 Kc6 1/2-1/2

[Event "Montesilvano Easter op"]
[Site "Montesilvano"]
[Date "2025.04.18"]
[Round "1"]
[White "Filippone, Matteo"]
[Black "Carnicelli, Valerio"]
[Result "0-1"]
[WhiteElo "1989"]
[BlackElo "2381"]
[PlyCount "222"]
[EventDate "2025.04.18"]
[EventType "tourn"]
[EventRounds "6"]
[EventCountry "ITA"]
[SourceTitle "CB17_2025"]
[SourceDate "2025.04.23"]
[SourceVersion "1"]
[SourceVersionDate "2025.04.23"]
[SourceQuality "1"]

1. e4 c5 2. Nc3 Nc6 3. g3 g6 4. Bg2 Bg7 5. d3 e6 6. Be3 d6 7. Qd2 Rb8 8. Nge2 b5 9. 0-0 b4 10. Nd1 Nge7 11. Bh6 0-0 12. Bxg7 Kxg7 13. a3 a5 14. Ne3 e5 15. f4 f6 16. f5 g5 17. h4 h6 18. hxg5 hxg5 19. Kf2 Ng8 20. Rh1 Nh6 21. Bf3 Rh8 22. Nd5 Ne7 23. Nxe7 Qxe7 24. axb4 axb4 25. g4 Bb7 26. Ng3 Ra8 27. Kg2 Qd7 28. Rxa8 Bxa8 29. Qc1 d5 30. Qe3 d4 31. Qc1 Qa4 32. b3 Qa2 33. Qb1 Qa3 34. Qc1 Bb7 35. Qd2 Qa2 36. Qc1 Bc6 37. Qd2 Be8 38. Bd1 Kf7 39. Kf3 Ke7 40. Rh2 Qb2 41. Qe2 Nf7 42. Rxh8 Nxh8 43. Nf1 Nf7 44. Nd2 Bb5 45. Qh2 Qa1 46. Ke2 Qa8 47. Qh7 Qf8 48. Kf3 Qe8 49. Ke2 Qa8 50. Qg7 Qa1 51. Qg8 Be8 52. Qg7 Qc1 53. Qg8 Qa1 54. Qg7 Qa6 55. Qg8 Qa8 56. Qg7 Bb5 57. Qh7 Qf8 58. Kf3 Ba6 59. Ke2 Ke8 60. Kf3 Bb5 61. Ke2 Bd7 62. Nc4 Ke7 63. Kf3 Qa8 64. Ke2 Qb8 65. Qg7 Bc6 66. Kf3 Qd8 67. Ke2 Bb7 68. Kf3 Qa8 69. Nd2 Ba6 70. Ke2 Bb5 71. Kf3 Qa1 72. Ke2 Qc1 73. Qg8 Be8 74. Qg7 Qa1 75. Nc4 Qc1 76. Nd2 Qa3 77. Nc4 Qa6 78. Kf3 Bb5 79. Ke2 Bxc4 80. bxc4 Qa2 81. Ke1 Qb1 82. Qg8 b3 83. cxb3 Qxd3 84. Qc8 Qxe4+ 85. Kf1 Qh1+ 86. Ke2 Qg2+ 87. Ke1 Qg1+ 88. Kd2 Qe3+ 89. Kc2 d3+ 90. Kb1 Qg1 91. Kc1 Qe3+ 92. Kb1 Qg1 93. Kc1 Qd4 94. Qe6+ Kf8 95. Qxf6 Qc3+ 96. Kb1 d2 97. Bc2 Qf3 98. Qb6 d1Q+ 99. Bxd1 Qxd1+ 100. Kb2 Qd4+ 101. Kb1 Qd6 102. Qb7 Kg7 103. Kc2 Kf6 104. Qb5 e4 105. Qe8 Qd3+ 106. Kb2 Qd4+ 107. Kc2 Qe5 108. Qc6+ Ke7 109. Kd2 Qd4+ 110. Ke1 Qe3+ 111. Kd1 Qxb3+ 0-1

[Event "Montesilvano Adriatico op 29th"]
[Site "Montesilvano"]
[Date "2024.12.20"]
[Round "1"]
[White "Carnicelli, Valerio"]
[Black "Filippone, Matteo"]
[Result "1-0"]
[WhiteElo "2362"]
[BlackElo "1976"]
[PlyCount "81"]
[EventDate "2024.12.20"]
[EventType "swiss"]
[EventRounds "5"]
[EventCountry "ITA"]
[SourceTitle "CB52_2024"]
[SourceDate "2024.12.25"]
[SourceVersion "1"]
[SourceVersionDate "2024.12.25"]
[SourceQuality "1"]

1. e4 c5 2. Nf3 g6 3. d4 cxd4 4. Nxd4 Nc6 5. c4 Nf6 6. Nc3 Nxd4 7. Qxd4 d6 8. Be3 Bg7 9. f3 0-0 10. Qd2 a5 11. b3 Be6 12. Rc1 Nd7 13. Be2 Nc5 14. 0-0 f5 15. exf5 Rxf5 16. Rcd1 Qc8 17. Nb5 Bd7 18. Rfe1 b6 19. Bf1 Bxb5 20. cxb5 Ra7 21. Kh1 Kh8 22. Bc4 Rf8 23. a3 Qf5 24. Bg1 Be5 25. Qe2 Qf4 26. g3 Qxf3+ 27. Qxf3 Rxf3 28. Bxc5 bxc5 29. b6 Rb7 30. Bd5 Rxb6 31. Bxf3 Rxb3 32. Bd5 Rxa3 33. Rf1 Bf6 34. Kg2 Rc3 35. Rf3 Rc2+ 36. Rf2 Rc3 37. Ra2 Re3 38. Rxa5 e6 39. Bf3 Bd4 40. Ra7 d5 41. Rb1 1-0